00516 2200193 4500001002100000005001500021035002000036007000300056008004100059020002200100082001000122084001600132100001500148245004600163260003700209300003100246650003200277990001300309INLIS00000000000135320230605072513 a0010-0623000017ta230605 g 0 ind  a978-602-8219-51-8 a005.8 a005.8 TIM k0 aTim Cahaya1 aKupas tuntas virus komputer /cTim Cahaya aJakarta :bNobel Edumedia,c2008 a130 hlm. :bIlus ;c21 cm. 4aKupas tuntas virus komputer a00050005